Lenguas amerindias: condiciones sociolingüísticas en Colombia

Guardat en:
Dades bibliogràfiques
Autors principals: Pachón, Ximena (autora), Correa, Francois (Autor)
Format: Llibre
Idioma:espanyol
Publicat: Bogotá Instituto Caro y Cuervo 1997
Matèries:
Etiquetes: Afegir etiqueta
Sense etiquetes, Sigues el primer a etiquetar aquest registre!

MARC

LEADER 00000nam a2200000 a 4500
001 UCO8370
003 CL-VaPUC
008 001201e19970000CK |||||||||||||||||spa|d
082 0 4 |a 408.9  |b PAC  |2 21 
100 |a Pachón, Ximena  |e autora  |9 453265 
700 0 |a Correa, Francois  |e author  |9 453266 
245 1 0 |a Lenguas amerindias: condiciones sociolingüísticas en Colombia 
300 |a 676 p 
942 |c BK 
945 |d 20001201 00:00:00  |a vberengu 
260 |a Bogotá  |b Instituto Caro y Cuervo  |c 1997 
650 0 |a Investigación lingüística  |9 329785 
650 0 |a Lingüística  |9 265068 
650 7 |a LENGUAS AMERINDIAS  |2 CL-VaPUC  |9 453267 
650 0 |a Etnolingüística  |9 341076 
650 0 |a Sociolingüística  |9 263716 
651 0 |a Colombia  |9 256424 
583 |a last modification  |c 20001201 00:00:00  |k Rodrigo Vera 
999 |c 293038  |d 293036 
952 |0 0  |1 0  |4 0  |6 408_900000000000000_PAC_1997  |7 0  |8 A  |9 344162  |a BIBEDU  |b BIBEDU  |d 2019-11-20  |i 3673006  |o 408.9 PAC 1997  |p 3673006  |r 2019-11-20  |w 2019-11-20  |y BK  |k LIT